Nové rozmery environmentálneho manažérstva

Problematika základných modelov systémov environmentálneho manažérstva. Systémy environmentálneho manažérstva postavené na báze dobrovoľnosti. Ohraničenie a vymedzenie platformy. Základné piliere. Iniciatíva OSN - Global Compact. Global reporting initiative. Accountability standards - AA 1000 seri...

Descrizione completa

Salvato in:
Dettagli Bibliografici
Autore principale: Zelený, Ján
Natura: Capitolo di libro
Lingua:slovacco
Soggetti:
Tags: Aggiungi Tag
Nessun Tag, puoi essere il primo ad aggiungerne!!

MARC

LEADER 00000naa$a2200000$$$4500
001 0077865
005 20231011093933.5
041 0 |a slo 
044 |a SK 
245 1 0 |a Nové rozmery environmentálneho manažérstva  |c Ján Zelený 
520 |a Problematika základných modelov systémov environmentálneho manažérstva. Systémy environmentálneho manažérstva postavené na báze dobrovoľnosti. Ohraničenie a vymedzenie platformy. Základné piliere. Iniciatíva OSN - Global Compact. Global reporting initiative. Accountability standards - AA 1000 series. 
610 2 0 |a manažment 
610 2 0 |a kvalita života 
610 2 0 |a rozhodovanie strategické 
610 2 0 |a rozhodovanie manažérske 
610 2 0 |a rozvoj trvalo udržateľný 
610 2 0 |a zodpovednosť spoločenská 
100 1 |a Zelený, Ján